00535 2200181 4500001002100000005001700021008004100038020001800079035002400097082001600121090001700137100001900154245009900173250001000272260002700282300001900309650002500328YOGYA-0311000000001620110301125858.0 ind  a979-291-080-3 0010-031100000000016 a248.4 Zal B a248.4bZal B aZALUKHU, Sonny aBangkit dari stagnasi rohanibrahasia mengalami kegerakan rohani secara pribadi / Sony Zalukhu acet.1 aYogyakartabAndic2009 a108 hlmc19 cm aKehidupan kerohanian